书目信息 |
| 题名: |
幸福女性生活百科
|
|
| 作者: | 张凤兰 编著 | |
| 分册: | ||
| 出版信息: | 北京 石油工业出版社 2010 |
|
| 页数: | 267页 | |
| 开本: | 24cm | |
| 丛书名: | ||
| 单 册: | ||
| 中图分类: | Z228.4 | |
| 科图分类: | ||
| 主题词: | 女性--生活--知识 , 女性 , 生活 | |
| 电子资源: | ||
| ISBN: | 978-7-5021-7763-8 | |
| 000 | 00841nam0 2200253 45 | |
| 001 | 1237617388 | |
| 005 | 20120614144434.57 | |
| 010 | @a978-7-5021-7763-8@dCNY29.80 | |
| 100 | @a20120329d2010 em y0chiy0110 ea | |
| 101 | 0 | @achi |
| 102 | @aCN@b110000 | |
| 105 | @ak z 000yy | |
| 106 | @ar | |
| 200 | 1 | @a幸福女性生活百科@AXing Fu Nu^ Xing Sheng Huo Bai Ke@f张凤兰编著@FZhang Feng Lan Bian Zhu |
| 210 | @a北京@c石油工业出版社@d2010 | |
| 215 | @a267页@d24cm | |
| 330 | @a书中从女性生活各个方面的知识介绍入手,告诉女性如何打开美丽人生之窗,如何创造自己的幸福。其中既有时尚装扮、美容的方法说明,又有塑造气质魅力的培养介绍等。 | |
| 606 | 0 | @a女性@x生活@x知识 |
| 606 | 0 | @a女性 |
| 606 | 0 | @a生活 |
| 690 | @aZ228.4@v4 | |
| 701 | 0 | @a张凤兰@AZhang Feng Lan@4编著 |
| 801 | 0 | @aCN@bTSTCL@c20120604 |
| 905 | @b0817383-86@dZ228.4@e197@f4 | |
| 幸福女性生活百科/张凤兰编著.-北京:石油工业出版社,2010 |
| 267页;24cm |
| ISBN 978-7-5021-7763-8:CNY29.80 |
| 书中从女性生活各个方面的知识介绍入手,告诉女性如何打开美丽人生之窗,如何创造自己的幸福。其中既有时尚装扮、美容的方法说明,又有塑造气质魅力的培养介绍等。 |
| ● |
| 相关链接 |
|
|
|
|
正题名:幸福女性生活百科
索取号:Z228.4/197
 
预约/预借
| 序号 | 登录号 | 条形码 | 馆藏地/架位号 | 状态 | 备注 |
| 1 | 0817383 | 208173830 | 第二样本阅览室/ [索取号:Z228.4/197] | 在馆 | |
| 2 | 0817384 | 208173849 | 第三借阅区/ [索取号:Z228.4/197] | 在馆 | |
| 3 | 0817385 | 208173858 | 第三借阅区/ [索取号:Z228.4/197] | 在馆 | |
| 4 | 0817386 | 208173867 | 第三借阅区/ [索取号:Z228.4/197] | 在馆 |